|
|
|
|
| LEADER |
01499nam a2200409Ia 4500 |
| 001 |
EBC803212 |
| 003 |
MiAaPQ |
| 005 |
20200520144314.0 |
| 006 |
m o d | |
| 007 |
cr cn||||||||| |
| 008 |
110506s2011 enka sb 001 0 eng d |
| 010 |
|
|
|z 2011018862
|
| 020 |
|
|
|z 052126409x
|
| 020 |
|
|
|z 110700974x
|
| 020 |
|
|
|z 9780521264099
|
| 020 |
|
|
|z 9781107009745
|
| 020 |
|
|
|z 9781139142007
|
| 035 |
|
|
|a (MiAaPQ)EBC803212
|
| 035 |
|
|
|a (Au-PeEL)EBL803212
|
| 035 |
|
|
|a (CaPaEBR)ebr10506126
|
| 035 |
|
|
|a (CaONFJC)MIL331681
|
| 035 |
|
|
|a (OCoLC)763158121
|
| 040 |
|
|
|a MiAaPQ
|c MiAaPQ
|d MiAaPQ
|
| 050 |
|
4 |
|a HC60
|b .V397 2011
|
| 100 |
1 |
|
|a Veen, A. Maurits van der.
|
| 245 |
1 |
0 |
|a Ideas, interests and foreign aid
|h [electronic resource] /
|c A. Maurits van der Veen.
|
| 260 |
|
|
|a Cambridge, UK ;
|a New York :
|b Cambridge University Press,
|c 2011.
|
| 300 |
|
|
|a xiv, 290 p. :
|b ill.
|
| 490 |
1 |
|
|a Cambridge studies in international relations ;
|v 120
|
| 504 |
|
|
|a Includes bibliographical references and index.
|
| 533 |
|
|
|a Electronic reproduction. Ann Arbor, MI : ProQuest, 2015. Available via World Wide Web. Access may be limited to ProQuest affiliated libraries.
|
| 650 |
|
0 |
|a Economic assistance.
|
| 650 |
|
0 |
|a Economic assistance, European.
|
| 655 |
|
4 |
|a Electronic books.
|
| 710 |
2 |
|
|a ProQuest (Firm)
|
| 830 |
|
0 |
|a Cambridge studies in international relations ;
|v 120.
|
| 856 |
4 |
0 |
|u https://ebookcentral.proquest.com/lib/matrademy/detail.action?docID=803212
|z Click to View
|